Statistiques concernant Les cols les plus franchis du Tour de France

Cliquez ici pour prendre le quiz!

Statistiques générales

  • Ce quiz a été pris 131 fois
  • Le résultat moyen est 6 sur 19

Statistiques - réponses

Nombre d'ascensionsRéponse% Correct
84Col du Tourmalet
92%
63Col du Galibier
77%
32L'Alpe d'Huez
71%
75Col d'Aspin
53%
36Col d'Izoard
51%
29Col de Port
48%
74Col d'Aubisque
43%
27Col de la Madeleine
39%
43Col du Télégraphe
34%
68Col Peyresourde
26%
35Col de Vars
25%
29Col du Lautaret
25%
54Col du Soulor
21%
41Col des Aravis
18%
34Col d'Allos
12%
42Col d'Ares
3%
27Col de Braus
1%
41Col de la Faucille
1%
27Col de Castillon
0%

Distribution des résultats

Percentile par nombre de réponses

% des personnes avec chaque résultat

Votre développement - résultats

Vous n’avez pas pris ce quiz